000 00292nam a22001337a 4500
008 170713b xxu||||| |||| 00| 0 eng d
020 _a9780826461803
041 _aeng
080 _a101
100 _a24
101 _aFIL
245 _aWHAT PHILOSOPHERS THINK
_cBAGGINI,J
942 _2udc
_cBK
999 _c20653
_d20653